This Special Edition of a Treatise on Apoplexy, Cerebral Hemorrhage, Cerebral Embolism, Cerebral Gout, Cerebral Rheumatism, and Epidemic Cerebro-Spinal Meningitis (Record no. 1820)

000 -LEADER
fixed length control field 00770nam a22002057a 4500
003 - CONTROL NUMBER IDENTIFIER
control field OSt
005 - DATE AND TIME OF LATEST TRANSACTION
control field 20210419083125.0
008 - FIXED-LENGTH DATA ELEMENTS--GENERAL INFORMATION
fixed length control field 210226s1990 ||||| |||| 00| 0 eng d
040 ## - CATALOGING SOURCE
Original cataloging agency eng
Language of cataloging eng
Transcribing agency DLC
Modifying agency eng
041 ## - LANGUAGE CODE
Language code of text/sound track or separate title eng
080 ## - UNIVERSAL DECIMAL CLASSIFICATION NUMBER
Universal Decimal Classification number 616.8
Item number L-68
100 ## - MAIN ENTRY--PERSONAL NAME
9 (RLIN) 1196
Personal name Lidell, A. John
245 ## - TITLE STATEMENT
Title This Special Edition of a Treatise on Apoplexy, Cerebral Hemorrhage, Cerebral Embolism, Cerebral Gout, Cerebral Rheumatism, and Epidemic Cerebro-Spinal Meningitis
Remainder of title / by: The Classics of Neurology and Neurosurgery Library
260 ## - PUBLICATION, DISTRIBUTION, ETC.
Place of publication, distribution, etc. Birmingham, Alabama
Name of publisher, distributor, etc. The Classics of Neurology and Neurosurgery Library
Date of publication, distribution, etc. 1990
300 ## - PHYSICAL DESCRIPTION
Extent 395 p.
650 #0 - SUBJECT ADDED ENTRY--TOPICAL TERM
9 (RLIN) 100
Topical term or geographic name entry element Neurology
653 ## - INDEX TERM--UNCONTROLLED
Uncontrolled term ნევროლოგია
700 ## - ADDED ENTRY--PERSONAL NAME
9 (RLIN) 1189
Personal name Eisenhardt, Louise
942 ## - ADDED ENTRY ELEMENTS (KOHA)
Source of classification or shelving scheme
Koha item type Books
Holdings
Withdrawn status Lost status Source of classification or shelving scheme Damaged status Not for loan Permanent location Current location Date acquired Inventory number Total Checkouts Full call number Barcode Date last seen Price effective from Koha item type
          Ken Walker International University Ken Walker International University 03/01/2021 514   616.8 L-68 514 03/01/2021 03/01/2021 Books

Powered by Koha